Statistics for Title in the Lyrics -- Songs From 2009

Click here to take the quiz!

General Stats

  • This quiz has been taken 790 times
  • The average score is 9 of 15

Answer Stats

LyricsTitle% Correct
Tonight, I'm-a fight / Till we see the sunlight / ___ ___ on the clock / But the party don't stop, noTik Tok
89%
You would not believe your eyes / If ten million _________ / Lit up the world as I fell asleepFireflies
84%
___ ____ ______, ain't that Mr. Mister on the radio, stereo / The way you move ain't fair, you knowHey, Soul Sister
84%
Shawty's like a melody in my head / That I can't keep out / Got me singin' like / Na na na na everyday / It's like my iPod stuck on ______Replay
80%
I got my hands up / They're playin' my song / I know I'm gonna be OK / Yeah, it's a _____ __ ___ ___Party in the USA
75%
So, __ ____? I'm still a rock star / I got my rock moves / And I don't need youSo What
68%
If you can see I'm the one who understands you / Been here all along so why can't you see / ___ ______ ____ __You Belong With Me
61%
One two three four / Uno dos tres cuatro / _ ____ ___ ____ __ (Want me) / You know I want cha (want cha)I Know You Want Me
59%
All the ______ ______ (All the ______ ______) / All the ______ ______ / Now put your hands upSingle Ladies
52%
I know what you are / What you are, baby / _________, woman-_________ / You're a _________Womanizer
48%
When you see my face / Hope it _____ ___ ____ / Hope it _____ ___ ____ / When you walk my way / Hope it _____ ___ ____ / Hope it _____ ___ ____Gives You Hell
45%
Call me Mr. Flintstone / I can make your ___ ____Bedrock
35%
Somewhere far along this road, he lost his soul to a woman so _________ / How could you be so _________? / Oh, how could you be so _________?Heartless
34%
____ _____, gonna be okay, da da doo-doo-mmm / ____ _____, spin that record babe, da da doo-doo-mmmJust Dance
34%
I ___ ___, I'll be gone today / But I'll be back all around the way / It seems like everywhere I go / The more I see, the less I know / But I know one thing / That I love youSay Hey
8%

Score Distribution

Percentile by Number Answered

Percent of People with Each Score

Your Score History

You have not taken this quiz